Passive aggressive /

Primer artículo de la serie "Enemigo de conveniencia: EE.UU. vrs Cuba", publicado por la NACLA. En éste, se analizan las connotaciones de las relaciones estadounidenses y cubanas, en un nuevo contexto en el que la amenaza del avance del comunismo internacional ha desaparecido. La caída del...

Ful tanımlama

Kaydedildi:
Detaylı Bibliyografya
Yazar: Brenner, Philip
Diğer Yazarlar: Landau, Saul
Materyal Türü: Metin
Konular:
Etiketler: Etiketle
Etiket eklenmemiş, İlk siz ekleyin!

MARC

LEADER 00000 a a2200000 04500
001 9903
003
040
100 |a Brenner, Philip  
245 |a Passive aggressive /  |c Philip Brenner ; Saul Landau 
520 |a Primer artículo de la serie "Enemigo de conveniencia: EE.UU. vrs Cuba", publicado por la NACLA. En éste, se analizan las connotaciones de las relaciones estadounidenses y cubanas, en un nuevo contexto en el que la amenaza del avance del comunismo internacional ha desaparecido. La caída del comunismo europeo ha covertido a Cuba en un elemento carente de importancia política internacional, sobre todo para la Unión Americana. Sin embargo, a pesar de que la importancia de Cuba disminuye como virtual amenaza a la seguridad nacional de Estados Unidos, su potencial como asunto "doméstico" crece, tanto el gobierno de Bush como el Congreso, esbozan nuevos mecanismos para la tradicional política exterior hacia Cuba, es decir, una lucha a muerte contra el régimen de Castro. El artículo analiza aquellos elementos que buscan la caída del régimen cubano tales como, la Radio-Martí y los grupos cubano-americano organizados, que se perfilan como aliados del gobierno estadounidense. AB/MR  
650 |a RELACIONES INTERNACIONALES  
650 |a INTERVENCION EXTRANJERA  
650 |a POLITICA EXTERIOR  
650 |a DIPLOMACIA  
650 |a IMPERIALISMO  
700 |a Landau, Saul  
773 |g volumen 24, número 3; páginas 13-25  
999 |c 31620  |d 31620 
773 0 |0 43153  |9 9044  |a North American Congress on Latin America (NACLA)  |d Nueva York: North American Congress on Latin America (NACLA), 1967-  |o 22899  |t NACLA: